| 000 | 02471cam a22005294i 4500 | ||
|---|---|---|---|
| 003 | PE-LiUPU | ||
| 005 | 20250731172910.0 | ||
| 008 | 150617s1969 flu rb 000 0 spa d | ||
| 035 | _a(Sirsi) a16857 | ||
| 040 |
_aPE-LiUPU _bspa _cPE-LiUPU _erda |
||
| 049 | _aPRUA | ||
| 082 | 0 | 4 |
_a253.7 _bF76 _221 |
| 100 | 1 |
_aFord, Leighton, _eautor. |
|
| 245 | 1 | 3 |
_aLa gran minoría : _bevangelización dinámica para una iglesia en crisis / _cLeighton Ford. |
| 264 | 1 |
_aMiami : _bEditorial Caribe, _c1969. |
|
| 300 |
_a170 páginas ; _c20 centímetros |
||
| 336 |
_atext _2rdacontent |
||
| 337 |
_aunmediated _2rdamedia |
||
| 338 |
_avolume _2rdacarrier |
||
| 504 | _aNotas bibliográficas. | ||
| 505 | 0 | _aLa crisis acuciante -- Renovar el sentido de apremio -- Evangelización total: Estrategia para nuestro tiempo -- La gran minoría -- De todos modos, salve a algunos -- Papel de la evangelización de masas -- Comunicar a Cristo -- El convencimiento de pecado -- El lugar de la decisión -- ¿Tiene vigencia la evangelización? | |
| 526 | _aSEG42 | ||
| 526 | _aSEG41 | ||
| 526 | _aSEG40 | ||
| 526 | _aSEG39 | ||
| 526 | _aP94 | ||
| 526 | _aP87 | ||
| 526 | _aP86 | ||
| 526 | _aP85 | ||
| 526 | _aP77 | ||
| 526 | _aP76 | ||
| 526 | _aP35 | ||
| 650 | 0 | 4 | _aEvangelismo público. |
| 910 |
_ajck _bjvq _cjck _d20150616 |
||
| 942 |
_2ddc _cBOOK |
||
| 949 |
_a253.7 F76 _wDEWEY _c1 _i18576 _lCCODEBUL1 _mBUL _p30.00 _r0 _sY _tBOOK _u19810304 _xTEOLOGIA _PP35 _0COMPRA _o.STAFF. Colección Teología |
||
| 949 |
_a253.7 F76 _wDEWEY _c2 _i18578 _lCCODEBUL1 _mBUL _p30.00 _r0 _sY _tBOOK _u19810304 _xTEOLOGIA _PP35 _0COMPRA _o.STAFF. Colección Teología |
||
| 949 |
_a253.7 F76 _wDEWEY _c3 _i18577 _lCCODEBUL1 _mBUL _p30.00 _r0 _sY _tBOOK _u19810304 _xTEOLOGIA _PP35 _0COMPRA _o.STAFF. Colección Teología |
||
| 994 |
_aC0 _bPEPRU |
||
| 596 | _a1 | ||
| 999 |
_a253.7 F76 _wDEWEY _c16372 _i18576 _d16372 _e2017-8-24 _f2021-11-12 _g5 _lCCODEBUL1 _mBUL _n3 _p10.00 _q1 _r0 _sY _tBOOK _u2015-6-17 _xTEOLOGIA _PP35 _0COMPRA _o.STAFF. Colección Teología |
||
| 999 |
_a253.7 F76 _wDEWEY _c2 _i18578 _d2019-1-7 _f2021-11-12 _g5 _lCCODEBUL1 _mBUL _q1 _r0 _sY _tBOOK _u2015-6-17 _xTEOLOGIA _PP35 _0COMPRA _o.STAFF. Colección General |
||
| 999 |
_a253.7 F76 _wDEWEY _c3 _i18577 _d2016-6-5 _e2016-6-1 _f2021-11-12 _g5 _lCCODEBUL1 _mBUL _n2 _p30.00 _r0 _sY _tBOOK _u2015-6-17 _xTEOLOGIA _PP35 _0COMPRA _o.STAFF. Colección Teología |
||
| 980 |
_81 _gALBERTO SANCHEZ Responsable de Automatización |
||